| 000 | 00497cam a2200169 i 4500 | ||
|---|---|---|---|
| 005 | 20260309121019.0 | ||
| 008 | 250721s9999 ua gr 000 0 eng d | ||
| 082 | 1 | 4 |
_a820.09 _bG O L |
| 100 | 1 |
_aGoldsmith, Oliver _eEditor. |
|
| 245 | 1 | 4 |
_aThe vicar of wakefield oliver goldsmith / _cR. Awad. ؛ Oliver Goldsmith. |
| 264 | 3 | 1 |
_aegyptian : _bthe anglo, _c[unknow] . |
| 300 | _a220 page. | ||
| 650 | 1 | 7 | _aFICTION. |
| 700 | 1 |
_aR. Awad _eeditor. |
|
| 942 |
_2ddc _cBK |
||
| 999 |
_c126710 _d126710 |
||